=LDR 00000nam 2200000 4500 =001 INLIS000000000044500 =005 20201216064808 =035 ##$$a 0010-101300000002422 =008 201216################g##########0#ind## =041 ##$$a Ind =082 ##$$a 324. 259 8 =090 ##$$a 324 Cip b =100 ##$$a Cipto, Bambang =245 1#$$a Bebek Dungu, Presiden Profesional atau Politik dinasti /$c Bambang Cipto =850 ##$$a NBPNMAT =020 ##$$a 979-8680-24-4 =084 ##$$a 324. 259 8 CIP b =260 ##$$a Yogyakarta :$b Bigraf,$c [s.a] =300 ##$$a xii, 227 hlm. : $b ilus ; $c 15x21 cm. =650 #4$$a Partai Politik - Indonesia =990 ##$$a 151.634 pb.2000